000 00499nam a2200181Ia 4500
999 _c29939
_d29939
003 OSt
005 20201117103411.0
008 190216s9999||||xx |||||||||||||| ||und||
020 _a9788130003788
040 _coclc
082 _a894.8123
_bMOH/G
100 _aMohanavarma, K L
_96455
245 0 _aGoal /
_cK L Mohanavarma
260 _bPoorna Publications,
_c2011.
_aKozhikode:
300 _a80p
650 _aNovel
942 _cBK
_2ddc
_h894.8123
_iMOH/G
_k894.8123
_mMOH/G